| Tag |
First Indicator |
Second Indicator |
Subfields |
| LEADER |
00000cam a2200000 a 4500 |
| 001 |
in00001230833 |
| 005 |
20151003073154.0 |
| 008 |
950306s1995 nyua b 001 0 eng |
| 010 |
|
|
|a 95010418
|
| 020 |
|
|
|a 0684804069
|
| 035 |
|
|
|a (OCoLC)32202188
|
| 035 |
|
|
|9 AGT8097AM
|
| 040 |
|
|
|a DLC
|c DLC
|d TXA
|d UtOrBLW
|
| 043 |
|
|
|a n-us---
|a a-ja---
|
| 049 |
|
|
|a TXAM
|
| 050 |
0 |
0 |
|a D769.2
|b .A48 1995
|
| 082 |
0 |
0 |
|a 940.54/4973
|2 20
|
| 100 |
1 |
|
|a Allen, Thomas B.
|
| 245 |
1 |
0 |
|a Code-name downfall :
|b the secret plan to invade Japan and why Truman dropped the bomb /
|c Thomas B. Allen and Norman Polmar.
|
| 264 |
|
1 |
|a New York :
|b Simon & Schuster,
|c [1995]
|
| 264 |
|
4 |
|c ©1995
|
| 300 |
|
|
|a 351 pages :
|b illustrations ;
|c 25 cm.
|
| 336 |
|
|
|a text
|b txt
|2 rdacontent
|
| 337 |
|
|
|a unmediated
|b n
|2 rdamedia
|
| 338 |
|
|
|a volume
|b nc
|2 rdacarrier
|
| 504 |
|
|
|a Includes bibliographical references (pages [309]-340) and index.
|
| 536 |
|
|
|a In memory of Dr. Robert Wick, August 1998.
|
| 650 |
|
0 |
|a World War, 1939-1945
|z United States.
|
| 650 |
|
0 |
|a World War, 1939-1945
|z Japan.
|
| 650 |
|
0 |
|a Strategy.
|
| 650 |
|
0 |
|a Atomic bomb.
|
| 700 |
1 |
|
|a Polmar, Norman.
|
| 999 |
|
|
|a MARS
|
| 999 |
f |
f |
|s 210d84b2-8b9d-3646-bfd9-d35593af3b87
|i 4eeb5304-a067-366e-98c5-c4d3a6e1989c
|t 0
|
| 952 |
f |
f |
|p ric
|a Texas A&M University
|b Rellis Campus
|c Joint Library Facility
|s JLF
|d Remote Storage
|t 0
|e D769.2 .A48 1995
|h Library of Congress classification
|i unmediated -- volume
|m A14823690863
|
| 998 |
f |
f |
|a D769.2 .A48 1995
|t 0
|l Remote Storage
|